<?xml version="1.0" encoding="UTF-8"?>
<record
    xmlns:xsi="http://www.w3.org/2001/XMLSchema-instance"
    xsi:schemaLocation="http://www.loc.gov/MARC21/slim http://www.loc.gov/standards/marcxml/schema/MARC21slim.xsd"
    xmlns="http://www.loc.gov/MARC21/slim">

  <leader>01767cab a2200325Ia 45 0</leader>
  <controlfield tag="001">u198406</controlfield>
  <controlfield tag="003">SIRSI</controlfield>
  <controlfield tag="008">120227s2005    ua     ss b         eng d</controlfield>
  <datafield tag="040" ind1=" " ind2=" ">
    <subfield code="a">EAL</subfield>
  </datafield>
  <datafield tag="041" ind1=" " ind2=" ">
    <subfield code="a">eng</subfield>
    <subfield code="b">ara</subfield>
  </datafield>
  <datafield tag="043" ind1=" " ind2=" ">
    <subfield code="a">f-ua</subfield>
  </datafield>
  <datafield tag="090" ind1=" " ind2=" ">
    <subfield code="a">ART EJAR V83 No1 8</subfield>
  </datafield>
  <datafield tag="100" ind1="1" ind2=" ">
    <subfield code="a">Khalafalla, E.M.E.</subfield>
  </datafield>
  <datafield tag="240" ind1="1" ind2="0">
    <subfield code="a">Egyptian journal of agricultural research, 2005 v. 83 (1)</subfield>
    <subfield code="h">[electronic resource].</subfield>
  </datafield>
  <datafield tag="245" ind1="1" ind2="0">
    <subfield code="a">Parasitism of nezara viridula l. eggs under field conditions at Kafr El-Sheikh Governorate</subfield>
    <subfield code="h">[electronic resource].</subfield>
  </datafield>
  <datafield tag="246" ind1="1" ind2="5">
    <subfield code="a">&#x627;&#x644;&#x62A;&#x637;&#x641;&#x644; &#x639;&#x644;&#x649; &#x628;&#x64A;&#x636; &#x627;&#x644;&#x628;&#x642;&#x629; &#x627;&#x644;&#x62E;&#x636;&#x631;&#x627;&#x621; &#x62A;&#x62D;&#x62A; &#x627;&#x644;&#x638;&#x631;&#x648;&#x641; &#x627;&#x644;&#x62D;&#x642;&#x644;&#x64A;&#x629; &#x644;&#x645;&#x62D;&#x627;&#x641;&#x638;&#x629; &#x643;&#x641;&#x631; &#x627;&#x644;&#x634;&#x64A;&#x62E;.</subfield>
  </datafield>
  <datafield tag="300" ind1=" " ind2=" ">
    <subfield code="a">p.87-94</subfield>
  </datafield>
  <datafield tag="504" ind1=" " ind2=" ">
    <subfield code="a">Includes references.</subfield>
  </datafield>
  <datafield tag="520" ind1=" " ind2=" ">
    <subfield code="a">The egg parasitoids of Nezara viridula L are of the most important factors which keep the insect well under control . Therefore, the rate of parasitism of N. viridula eggs was determined under field conditions of Kafr EI-sheikh governorate from early April to the end of October during three successive years , 1999,2000 and 2001. The obtained results showed that the parasitism started with low rate during April. The high rate of parasitism and the parasitoid emergence were recorded during June, July and August for the three years and this was synchronized with the increase of temperature. The parasitoids failed to emerge from the parasitized eggs at the low rate of parasitism .</subfield>
  </datafield>
  <datafield tag="546" ind1=" " ind2=" ">
    <subfield code="a">Summary in Arabic.</subfield>
  </datafield>
  <datafield tag="650" ind1=" " ind2="0">
    <subfield code="a">Nezara viridula</subfield>
    <subfield code="x">Parasites</subfield>
    <subfield code="z">Egypt.</subfield>
  </datafield>
  <datafield tag="650" ind1=" " ind2="0">
    <subfield code="a">Nezara viridula</subfield>
    <subfield code="x">Biological control.</subfield>
  </datafield>
  <datafield tag="650" ind1=" " ind2="0">
    <subfield code="a">Green stink-bug</subfield>
    <subfield code="z">Egypt.</subfield>
  </datafield>
  <datafield tag="650" ind1=" " ind2="0">
    <subfield code="a">Eggs.</subfield>
  </datafield>
  <datafield tag="700" ind1="1" ind2=" ">
    <subfield code="a">El-Sufty, R.E.</subfield>
  </datafield>
  <datafield tag="700" ind1="1" ind2=" ">
    <subfield code="a">El-Hawary, I.S.</subfield>
  </datafield>
  <datafield tag="700" ind1="1" ind2=" ">
    <subfield code="a">Khatiab, M. A.</subfield>
  </datafield>
  <datafield tag="856" ind1="4" ind2="0">
    <subfield code="a">uhttp://nile.enal.sci.eg/EALE/</subfield>
  </datafield>
  <datafield tag="596" ind1=" " ind2=" ">
    <subfield code="a">1</subfield>
  </datafield>
  <datafield tag="942" ind1=" " ind2=" ">
    <subfield code="c">AR</subfield>
    <subfield code="2">lcc</subfield>
  </datafield>
  <datafield tag="999" ind1=" " ind2=" ">
    <subfield code="c">51261</subfield>
    <subfield code="d">51261</subfield>
  </datafield>
</record>
